Odżywianie niemowląt i dzieci starszych /

Kaydedildi:
Detaylı Bibliyografya
Yazar: Witkowska, Sabina (1909-1991)
Müşterek Yazar: Wydawnictwo Lekarskie PZWL
Materyal Türü: Kitap
Dil:Lehçe
Baskı/Yayın Bilgisi: Warszawa : Państ. Zakład Wydawnictw Lekarskich, 1981
Edisyon:Wyd. 12 popr. i uzup.
Seri Bilgileri:Rady dla Rodziców
Konular:
Etiketler: Etiketle
Etiket eklenmemiş, İlk siz ekleyin!

MARC

LEADER 00000nam a2200000 i 4500
001 9910501640005606
005 20260515140228.0
008 000114s1981 pl a |000 0 pol
020 |a 8320002389 
035 |a 991012485379705066 
035 |a (PL-WaBN)b13379100-48omnis_nlop 
035 |a b13379100 
035 |a (OCoLC)830252064 
035 |a xx003558981 
035 |a (PL)b0000001337910 
040 |a WA N  |c WA N  |d WA N 
080 |a 613.22+641.5.021 
090 |c 109  |d 108 
100 1 |a Witkowska, Sabina  |d (1909-1991) 
245 1 0 |a Odżywianie niemowląt i dzieci starszych /  |c Sabina Witkowska. 
250 |a Wyd. 12 popr. i uzup. 
260 |a Warszawa :  |b Państ. Zakład Wydawnictw Lekarskich,  |c 1981  |e (Łódź :  |f ŁZG 1). 
300 |a 173, [2] s. :  |b il., tab. ;  |c 20 cm. 
490 1 |a Rady dla Rodziców 
650 7 |a Dzieci  |x żywienie 
650 7 |a Potrawy dla dzieci 
650 7 |a Zdrowe odżywianie 
710 2 |a Wydawnictwo Lekarskie PZWL 
830 0 |a Rady dla Rodziców 
920 |a 83-200-0238-9 30 zł 
942 |c K 
952 |0 0  |1 0  |4 0  |6 R__91_000000000000000  |7 0  |9 104  |a RYT  |b RYT  |d 2026-05-13  |e 1/2014  |g 10.00  |l 0  |o R.91  |p 2000000000916  |r 2026-05-15 14:02:28  |w 2026-05-15  |y BK  |z da 
999 |c 104  |d 104